Paroles - Que je t'aime - Johnny Hallyday - Statistiques

Statistiques générales
  • Ce quiz a été pris 154 fois
  • Le résultat moyen est 169 sur 217
Statistiques - réponses
Réponse % Correct
ta
100%
je
99%
Je
99%
que
99%
Que
99%
t'aime
97%
a
93%
te
92%
de
91%
Et
91%
et
91%
la
90%
qu'à
89%
Quand
89%
tes
89%
ton
89%
se
88%
Se
88%
Oh
86%
tu
86%
Tu
86%
mon
83%
un
83%
cheveux
81%
sur
81%
aux
80%
blé
80%
Comme
80%
comme
80%
corps
80%
Des
79%
des
79%
le
79%
qui
79%
Qui
79%
champs
78%
du
77%
oui
76%
soleil
75%
d'été
73%
non
73%
fait
72%
Ressemble
72%
oreiller
71%
ne
69%
Ne
69%
pas
69%
dit
68%
s'étalent
68%
toi
68%
c'est
67%
lumière
67%
moi
67%
trésors
67%
îles
66%
plus
66%
yeux
66%
dis
64%
on
64%
chienne
63%
dur
63%
mains
63%
deviens
62%
bouche
61%
cheval
61%
mort
61%
douce
60%
l'ombre
60%
enfin
59%
forêts
59%
Lourd
59%
dans
58%
chaînes
57%
Dessinent
57%
D'un
57%
loup
56%
brises
55%
l'amour
55%
montagnes
55%
voix
55%
chatte
54%
sens
54%
l'appel
53%
toute
53%
encore
52%
font
52%
guerre
52%
bien
50%
coup
50%
doigts
50%
D'une
50%
pudeur
50%
pur
50%
seul
50%
d'autres
49%
n'osent
49%
petite
49%
sait
49%
S'il
49%
n'est
48%
soldat
48%
existe
47%
voudraient
46%
ciel
43%
cri
42%
meurt
34%
finit
30%
perd
30%
soupir
30%
premier
28%
Aucun quiz correspondant
Distribution des résultats
% des personnes avec chaque résultat
Percentile par nombre de réponses
Votre historique - résultats
Vous n’avez pas pris ce quiz